01082 2200361 4500001002100000005001500021035002000036007000300056008004100059020002200100040002200122082001200144084001400156090002200170090001800192100003700210245009600247250005000343300004500393650002600438850001200464041000800476504003400484264003200518264001200550336002100562337003000583338002300613999002200636990002200658990002000680990002000700INLIS00000000089126120250612023052 a0010-1124000223ta190627t2024 yoia g ind  a978-623-02-9194-4 aYOPDYOGbinderda04223a929 a929 JOK m aCB-D.11 2024-3361 aNUS 929 JOK m0 aJoko Darmawan,d1956-epengarang10aMengenal sejarah & budaya nasional :btrah Raja-Raja Mataram di tanah Jawa /cJoko Darmawan aEdisi revisi, Cetakan Pertama: September 2024 aviii, 236 halaman :bilustrasi ;c23 cm 4aSilsilah Raja Mataram aYOPDYOG0 aind aBibliografi : halaman 225-234 1aSleman :bDeepublish,c2024 4a© 2024 2rdacontentateks 2rdamediaatanpa perantara 2rdacarrieravolume aCB-D.11/2024-3361 aCB-D.11/2024-3361 a48830-PD/B.2025 a48831-PD/B.2025